| 000 | 02049nam a2200469 a 4500 | ||
|---|---|---|---|
| 001 | ebr10234936 | ||
| 003 | CaPaEBR | ||
| 006 | m u | ||
| 007 | cr cn||||||||| | ||
| 008 | 060927s2007 ne a sb 001 0 eng d | ||
| 010 | _z 2006051700 | ||
| 015 |
_aGBA686685 _2bnb |
||
| 016 | 7 |
_z013573733 _2Uk |
|
| 020 | _z9004153705 (hardback : alk. paper) | ||
| 020 | _z9789004153707 | ||
| 020 | _z9789047410898 | ||
| 040 |
_aCaPaEBR _cCaPaEBR |
||
| 035 | _a(OCoLC)568279413 | ||
| 041 | 1 |
_aeng _alat _hlat |
|
| 050 | 1 | 4 |
_aQC353 _b.O7413 2007eb |
| 082 | 0 | 4 |
_a535 _222 |
| 100 | 1 |
_aOresme, Nicole, _dca. 1320-1382. |
|
| 240 | 1 | 0 |
_aDe visione stellarum. _lEnglish & Latin |
| 245 | 1 | 0 |
_aNicole Oresme's De visione stellarum (On seeing the stars) _h[electronic resource] : _ba critical edition of Oresme's treatise on optics and atmospheric refraction / _cwith an introduction, commentary, and English translation by Dan Burton. |
| 246 | 3 | 0 | _aDe visione stellarum (On seeing the stars) |
| 246 | 3 | 0 | _aOn seeing the stars |
| 260 |
_aLeiden ; _aBoston : _bBrill, _c2007. |
||
| 300 |
_axii, 319 p. : _bill. |
||
| 490 | 1 |
_aMedieval and early modern science, _x1567-8393 ; _vv. 7 |
|
| 500 | _aRevision of the author's thesis (Ph. D.)--Indiana University, 2000. | ||
| 504 | _aIncludes bibliographical references (p. [245]-282) and indexes. | ||
| 533 |
_aElectronic reproduction. _bPalo Alto, Calif. : _cebrary, _d2013. _nAvailable via World Wide Web. _nAccess may be limited to ebrary affiliated libraries. |
||
| 546 | _aText in English and Latin. | ||
| 650 | 0 |
_aOptics _vEarly works to 1800. |
|
| 650 | 0 |
_aRefraction, Astronomical _vEarly works to 1800. |
|
| 650 | 0 |
_aScience, Medieval _vEarly works to 1800. |
|
| 655 | 7 |
_aElectronic books. _2local |
|
| 700 | 1 | _aBurton, Dan. | |
| 710 | 2 | _aebrary, Inc. | |
| 830 | 0 |
_aHistory of science and medicine library. _pMedieval and early modern science ; _vv. 7. |
|
| 856 | 4 | 0 |
_uhttp://site.ebrary.com/lib/rucke/Doc?id=10234936 _zAn electronic book accessible through the World Wide Web; click to view |
| 999 |
_c38600 _d38600 |
||